Government finance : economics of the public sector /

Saved in:
Bibliographic Details
Main Author: Due, John F. (John Fitzgerald), 1915-
Other Authors: Friedlaender, Ann F. (Ann Fetter)
Format: Book
Language:English
Published: Homewood, Ill. : R.D. Irwin, 1981.
Edition:7th ed.
Series:The Irwin publications in economics.
Subjects:
LEADER 01204nam a2200325 a 4500
001 c000187447
003 CARM
005 19900222000000.0
008 810904s1981 ilua b 001 0 eng
019 1 |a 2064367  |5 LACONCORD2021 
020 |a 0256024928 
035 |a (OCoLC)7356004  |5 LACONCORD2021 
040 |a LC  |b eng  |c LC  |d VMOU 
043 |a n-us---  |a n-cn--- 
050 0 0 |a HJ141  |b .D8 1981 
082 0 4 |a 336.7  |2 19 
100 1 |a Due, John F.  |q (John Fitzgerald),  |d 1915- 
245 1 0 |a Government finance :  |b economics of the public sector /  |c John F. Due, Ann F. Friedlaender. 
250 |a 7th ed. 
260 |a Homewood, Ill. :  |b R.D. Irwin,  |c 1981. 
300 |a xvi, 565 p. :  |b ill. ;  |c 24 cm. 
440 4 |a The Irwin publications in economics. 
504 |a Includes bibliographies and index. 
650 0 |a Finance, Public. 
650 0 |a Finance, Public  |z United States. 
650 0 |a Finance, Public  |z Canada. 
700 1 |a Friedlaender, Ann F.  |q (Ann Fetter) 
852 8 |b CARM  |h A2:AO22E0  |i C06991  |p 0251496  |f BK 
999 f f |i 056eada1-3780-5303-baf6-5ce230a4f535  |s 5161c2cc-b448-52db-97e5-aebb8c6db7b1 
952 f f |p Can circulate  |a CAVAL  |b CAVAL  |c CAVAL  |d CARM 1 Store  |e C06991  |f A2:AO22E0  |h Other scheme  |i book  |m 0251496